Thi công đường ô tô

Wedi'i Gadw mewn:
Manylion Llyfryddiaeth
Prif Awdur: Doãn, Hoa
Fformat: Llyfr
Iaith:Undetermined
Cyhoeddwyd: Hà Nội Xây dựng 2001
Pynciau:
Tagiau: Ychwanegu Tag
Dim Tagiau, Byddwch y cyntaf i dagio'r cofnod hwn!
Thư viện lưu trữ: Trung tâm Học liệu Trường Đại học Cần Thơ
LEADER 00566nam a2200205Ia 4500
001 CTU_95559
008 210402s9999 xx 000 0 und d
020 |c 68000 
082 |a 625.7 
082 |b H401 
100 |a Doãn, Hoa 
245 0 |a Thi công đường ô tô 
245 0 |c Doãn Hoa 
260 |a Hà Nội 
260 |b Xây dựng 
260 |c 2001 
650 |a Roads,Civil engineering 
650 |x Design and construction,Outlines, syllabi, etc 
904 |i M.Loan,Hải 
980 |a Trung tâm Học liệu Trường Đại học Cần Thơ